Central Library OPAC University of Rajshahi

The history of the rebellion and civil wars in England begun in the year 1641 / , Re editied from by W.D. Macray. (Record no. 24670)

MARC details
000 -LEADER
fixed length control field 00738nam a22002293 4500
001 - CONTROL NUMBER
control field 24670
003 - CONTROL NUMBER IDENTIFIER
rucl marc code BD-RJUL
005 - DATE AND TIME OF LATEST TRANSACTION
control field 20211209001101.0
008 - FIXED-LENGTH DATA ELEMENTS--GENERAL INFORMATION
fixed length control field 140315t1988 enk 000 0
035 ## - SYSTEM CONTROL NUMBER
System control number CD-0000460527
040 ## - CATALOGING SOURCE
Original cataloging agency DLC
Language of cataloging eng
Transcribing agency BD-RjUL
Modifying agency DLC
041 ## - LANGUAGE CODE
Language code of text/sound track or separate title eng
082 04 - DEWEY DECIMAL CLASSIFICATION NUMBER
Classification number 942.06
Author mark and year CLH 1988
100 1# - MAIN ENTRY--PERSONAL NAME
Personal name Clarendon, Edward Earl.
9 (RLIN) 75930
245 14 - TITLE STATEMENT
Title The history of the rebellion and civil wars in England begun in the year 1641 / , Re editied from by W.D. Macray.
Number of part/section of a work Volume-3
260 ## - PUBLICATION, DISTRIBUTION, ETC. (IMPRINT)
Place of publication, distribution, etc. Oxf.
Date of publication, distribution, etc. 1888
300 ## - PHYSICAL DESCRIPTION
Pagination V-3 (531 p.) ;
Size cm.19
690 00 - LOCAL SUBJECT ADDED ENTRY--TOPICAL TERM (OCLC, RLIN)
Topical term or geographic name as entry element History
Geographic subdivision Great Britain
700 1# - ADDED ENTRY--PERSONAL NAME
Personal name Macray, William Dunn,
Relator term ed.
752 ## - ADDED ENTRY--HIERARCHICAL PLACE NAME
Country or larger entity England
City Oxford
942 ## - ADDED ENTRY ELEMENTS (KOHA)
Source of classification or shelving scheme Dewey Decimal Classification
Koha item type Books
Holdings
Lost status Source of classification or shelving scheme Damaged status Not for loan Collection code Permanent Location Current Location Shelving location Date acquired Source of acquisition Cost, normal purchase price Total Checkouts Full call number Date last seen Copy number Koha item type
  Dewey Decimal Classification   Added to bundle Non-fiction Central Library, University of Rajshahi Central Library, University of Rajshahi Reading Room 01/11/1957 Oxford university, 60.15   942.06 CLH V-3 1988 15/03/2014 C-1 Books